| 000 | 00998nam0a22002651 4500 | ||
|---|---|---|---|
| 001 | rc\70200 | ||
| 005 | 20021216130635.7 | ||
| 010 |
_a5-86000-007-3 _950000 |
||
| 035 | _a(NLR Aleph) 005343161 | ||
| 090 |
_a6715585 _c6715585 |
||
| 100 | _a20021216d1992 u |0rusy50 ca | ||
| 101 | 0 | _arus | |
| 102 | _aRU | ||
| 105 | _aa ||||||||| | ||
| 200 | 1 |
_aС.А. Есенин. Материалы к биографии _f[Моск. гор. об-ние арх. _gСост., подгот. текстов, коммент. Н.И. Гусева и др. _gОтв. ред. Н.Б. Волкова _gВвед. С. Шумихина] |
|
| 210 |
_aМ. _cИст. наследие _d1992 |
||
| 215 |
_a446, [1] с. _cил. _d21 |
||
| 320 | _aУказ. имен.: с. 439-447 | ||
| 702 | 1 |
_aГусев _bН. И. _4220 |
|
| 712 | 0 | 2 |
_aМосковское гор. об-ние архивов _3RU\NLR\AUTH\889951328 |
| 801 | 0 |
_aRU _bNLR _gpsbo |
|
| 801 | 1 |
_aRU _bELAR _2rusmarc |
|
| 852 |
_aNLR _j93-3/3351 |
||
| 942 | _cBOOK | ||
| 980 | _aNB | ||